000 00391nam a22001697a 4500
005 20160511113217.0
008 160511b xxu||||| |||| 00| 0 eng d
020 _a81-219-2300-X
041 _aeng
082 _b1247
100 _aChand S.
_9434
245 _aHuman Resaurce Management
260 _bS. Chand Company Ltd.
_c2010
300 _a449
650 _aManagement
_9241
942 _cBK
999 _c521
_d521